[Event "OP-2010-0-01339"]
[Site "LSS email"]
[Date "2010.12.11"]
[Round "?"]
[White "Iacovlev, Dmitri"]
[Black "Lykhomano, Romano"]
[Result "1-0"]
[WhiteElo "800"]
[BlackElo "800"]
[PlyCount "41"]
[EventDate "2010.12.07"]
[EventType "tourn (corr)"]
[EventRounds "4"]
[EventCountry "GER"]
[SourceTitle "Telechess CBM 143"]
[Source "ChessBase"]
[SourceDate "2011.07.15"]
[SourceVersion "1"]
[SourceVersionDate "2011.07.15"]
[SourceQuality "1"]

1. d4 Nf6 2. c4 c5 3. d5 d6 4. Nc3 e6 5. e4 exd5 6. cxd5 Be7 7. Nf3 0-0 8. Be2 Re8 9. 0-0 b6 10. Bf4 Ba6 11. Nd2 Bxe2 12. Qxe2 Nbd7 13. Nc4 Ne5 14. Nxe5 dxe5 15. Bxe5 Bd6 16. Bxd6 Qxd6 17. Rad1 Re5 18. f4 Ree8 19. e5 Qc7 20. d6 Qd7 21. Qf3 1-0